Schaum's outline of theory and problems of introduction to probability and statistics (Record no. 7524)
[ view plain ]
| 000 -LEADER | |
|---|---|
| fixed length control field | 00545 a2200145 4500 |
| 040 ## - CATALOGING SOURCE | |
| Original cataloging agency | DLC |
| Language of cataloging | DLC |
| 082 ## - DEWEY DECIMAL CLASSIFICATION NUMBER | |
| Classification number | 519.5 |
| 100 ## - MAIN ENTRY--PERSONAL NAME | |
| Personal name | Lipschutz, Seymour. |
| 245 ## - TITLE STATEMENT | |
| Title | Schaum's outline of theory and problems of introduction to probability and statistics |
| Statement of responsibility, etc. | Seymour, Lipschutz. |
| 260 ## - PUBLICATION, DISTRIBUTION, ETC. | |
| Place of publication, distribution, etc. | Islamabad : |
| Name of publisher, distributor, etc. | National Book Foundation. |
| Date of publication, distribution, etc. | 2000. |
| 300 ## - PHYSICAL DESCRIPTION | |
| Extent | vi, 370 p. : |
| Other physical details | ill. ; |
| Dimensions | 28 cm. |
| 500 ## - GENERAL NOTE | |
| General note | Includes Index |
| 650 ## - SUBJECT ADDED ENTRY--TOPICAL TERM | |
| Topical term or geographic name entry element | 1.Probabilities--Problems, exercises, etc.2.Mathematical statistics--Problems, exercises, etc. |
| 942 ## - ADDED ENTRY ELEMENTS (KOHA) | |
| Koha item type | Book |
| Call number prefix | 519.5 LIP |
| Source of classification or shelving scheme | |
| Withdrawn status | Lost status | Damaged status | Not for loan | Collection code | Permanent Location | Current Location | Shelving location | Date acquired | Source of acquisition | Cost, normal purchase price | Total Checkouts | Full call number | Barcode | Date last seen | Price effective from | Koha item type | Source of classification or shelving scheme | Total Renewals | Date last checked out |
|---|---|---|---|---|---|---|---|---|---|---|---|---|---|---|---|---|---|---|---|
| Central Library (CL) | Central Library (CL) | General Stacks | 12/05/2007 | Donation | 0.00 | 519.5 LIP | SEECS004977 | 11/14/2012 | 01/05/2017 | Book | |||||||||
| Central Library (CL) | Central Library (CL) | 01/21/2019 | 6 | 519.2076 LIP | NIT-2644 | 05/17/2025 | 01/21/2019 | Book | 3 | 05/14/2025 |
